[Event "COL-chB U1800"]
[Site "Antioquia"]
[Date "2018.12.09"]
[Round "7"]
[White "Molina, Luisa Fernanda"]
[Black "Gonzalez Franco, Andres Jeshua"]
[Result "1-0"]
[WhiteElo "1576"]
[BlackElo "1277"]
[PlyCount "55"]
[EventDate "2018.12.06"]
[EventType "swiss"]
[EventRounds "7"]
[EventCountry "COL"]
[SourceTitle "CBM 190 Extra"]
[Source "ChessBase"]
[SourceDate "2019.07.15"]
[SourceVersion "1"]
[SourceVersionDate "2019.07.15"]
[SourceQuality "1"]

1. e4 c5 2. f4 e6 3. Nf3 Nc6 4. c3 d6 5. d3 Nf6 6. Be2 Be7 7. Na3 a6 8. Nc2 0-0 9. 0-0 Qc7 10. Qe1 b5 11. Nh4 Bb7 12. f5 e5 13. g4 Qd8 14. g5 Nd7 15. Nf3 Re8 16. Rf2 Nf8 17. Rg2 f6 18. h4 Rc8 19. Ne3 Na7 20. Ng4 fxg5 21. hxg5 Nd7 22. Qg3 Kh8 23. Rh2 Bf8 24. Rxh7+ Kxh7 25. g6+ Kg8 26. Qh3 Be7 27. Qh7+ Kf8 28. Qh8# 1-0

[Event "COL-chB U1800"]
[Site "Antioquia"]
[Date "2018.12.09"]
[Round "6"]
[White "Ruiz Agudelo, Jeronimo"]
[Black "Molina, Luisa Fernanda"]
[Result "0-1"]
[WhiteElo "1211"]
[BlackElo "1576"]
[PlyCount "84"]
[EventDate "2018.12.06"]
[EventType "swiss"]
[EventRounds "7"]
[EventCountry "COL"]
[SourceTitle "CBM 190 Extra"]
[Source "ChessBase"]
[SourceDate "2019.07.15"]
[SourceVersion "1"]
[SourceVersionDate "2019.07.15"]
[SourceQuality "1"]

1. e4 d6 2. d4 Nf6 3. Nc3 e5 4. Nf3 Nbd7 5. Bc4 Be7 6. 0-0 0-0 7. Re1 c6 8. a4 Nxe4 9. Nxe4 d5 10. Bxd5 cxd5 11. Nc3 e4 12. Nxd5 Nf6 13. Nxf6+ Bxf6 14. Rxe4 Bf5 15. Rf4 Qd7 16. Nh4 Be6 17. Be3 Bg5 18. Re4 Bf6 19. d5 Qxd5 20. Qxd5 Bxd5 21. Rb4 b6 22. a5 Be7 23. Rg4 Be6 24. Rga4 b5 25. Re4 Rfc8 26. c3 Rc7 27. Nf3 Rd8 28. Nd4 Bc4 29. b3 Bd3 30. Rg4 Rxc3 31. Rd1 a6 32. h3 Be2 33. Rd2 Bxg4 34. hxg4 Bf6 35. Ne2 Rxb3 36. Rxd8+ Bxd8 37. Bb6 Bf6 38. Nd4 Bxd4 39. Bxd4 f6 40. Be3 Kf7 41. Bf4 b4 42. Bh2 Rb1# 0-1

[Event "COL pre olympic sf3"]
[Site "Dosquebradas"]
[Date "2018.05.31"]
[Round "2"]
[White "Molina, Luisa Fernanda"]
[Black "Guzman, River"]
[Result "1/2-1/2"]
[WhiteElo "1564"]
[BlackElo "1858"]
[PlyCount "79"]
[EventDate "2018.05.30"]
[EventType "swiss"]
[EventRounds "10"]
[EventCountry "COL"]
[SourceTitle "CBM 184 Extra"]
[Source "ChessBase"]
[SourceDate "2018.06.28"]
[SourceVersion "1"]
[SourceVersionDate "2018.06.28"]
[SourceQuality "1"]

1. e4 c5 2. f4 Nc6 3. Nf3 g6 4. c3 d5 5. e5 e6 6. d3 Nge7 7. Be2 Nf5 8. Na3 Be7 9. 0-0 h5 10. Nc2 d4 11. a3 a5 12. Bd2 b6 13. Rb1 Ba6 14. b4 dxc3 15. b5 cxd2 16. bxa6 0-0 17. Qxd2 Ncd4 18. Ne3 Nxe3 19. Qxe3 Rxa6 20. Kh1 Ra7 21. Rb2 Nxe2 22. Qxe2 c4 23. dxc4 Bxa3 24. Rb3 Bc5 25. Nd2 Qc7 26. Ne4 Bb4 27. Rg3 Kg7 28. Nf6 Rh8 29. Nxh5+ Kf8 30. Nf6 a4 31. Rd1 a3 32. Rgd3 a2 33. Ra1 Rh4 34. Rxa2 Rxf4 35. Rxa7 Qxa7 36. Rd8+ Kg7 37. Rg8+ Kh6 38. h3 Qa1+ 39. Kh2 Bc5 40. Rh8+ 1/2-1/2

[Event "Caldense-ch"]
[Site "Manizales"]
[Date "2017.10.28"]
[Round "5"]
[White "Molina, Luisa Fernanda"]
[Black "Dabraccio, Guillermo"]
[Result "1/2-1/2"]
[WhiteElo "1620"]
[BlackElo "1687"]
[PlyCount "37"]
[EventDate "2017.10.26"]
[EventType "swiss"]
[EventRounds "8"]
[EventCountry "COL"]
[SourceTitle "CBM 181 Extra"]
[Source "ChessBase"]
[SourceDate "2017.12.12"]
[SourceVersion "1"]
[SourceVersionDate "2017.12.12"]
[SourceQuality "1"]

1. e4 c5 2. d4 cxd4 3. c3 dxc3 4. Nxc3 Nc6 5. Nf3 Qc7 6. Be3 e6 7. Rc1 Nf6 8. h3 Bb4 9. Bd3 0-0 10. 0-0 h6 11. Qa4 Qa5 12. Qb3 d5 13. a3 Bxc3 14. Bb6 dxe4 15. Bxa5 Bxa5 16. Bb1 exf3 17. Qxf3 e5 18. Qe3 Re8 19. Rc5 1/2-1/2

[Event "Caldense-ch"]
[Site "Manizales"]
[Date "2017.10.26"]
[Round "1"]
[White "Mena, Yamil Octavio"]
[Black "Molina, Luisa Fernanda"]
[Result "1-0"]
[WhiteElo "1953"]
[BlackElo "1620"]
[PlyCount "83"]
[EventDate "2017.10.26"]
[EventType "swiss"]
[EventRounds "8"]
[EventCountry "COL"]
[SourceTitle "CBM 181 Extra"]
[Source "ChessBase"]
[SourceDate "2017.12.12"]
[SourceVersion "1"]
[SourceVersionDate "2017.12.12"]
[SourceQuality "1"]

1. e4 d6 2. Bc4 Nf6 3. d3 e5 4. Nc3 c6 5. Bg5 Be7 6. f4 Nbd7 7. Nf3 0-0 8. Qd2 Qc7 9. 0-0-0 Re8 10. Rhe1 b5 11. Bb3 a5 12. a4 bxa4 13. Nxa4 Rb8 14. d4 Rb4 15. Bxf6 Nxf6 16. fxe5 dxe5 17. Nxe5 Be6 18. Bxe6 fxe6 19. b3 c5 20. Qc3 Rc8 21. g3 cxd4 22. Qxc7 Rxc7 23. Kb2 Bd6 24. Nd3 Rxa4 25. bxa4 e5 26. Re2 Ng4 27. Rc1 Rc3 28. Rf1 Ne3 29. Rxe3 Ba3+ 30. Kb1 dxe3 31. Re1 Rc4 32. Rxe3 Rxa4 33. Nxe5 Bc5 34. Rc3 Bf8 35. Rc8 Rb4+ 36. Ka2 Rb7 37. Rd8 Re7 38. Nd7 Rf7 39. Kb3 g6 40. Rxf8+ Rxf8 41. Nxf8 Kxf8 42. Ka4 1-0

[Event "Manizales op 26th"]
[Site "Manizales"]
[Date "2017.01.08"]
[Round "8"]
[White "Marquez, Lucas Mateo"]
[Black "Molina, Luisa Fernanda"]
[Result "0-1"]
[WhiteElo "1249"]
[BlackElo "1684"]
[PlyCount "62"]
[EventDate "2017.01.04"]
[EventType "swiss"]
[EventRounds "9"]
[EventCountry "COL"]
[SourceTitle "CBM 176 Extra"]
[Source "ChessBase"]
[SourceDate "2017.03.02"]
[SourceVersion "1"]
[SourceVersionDate "2017.03.02"]
[SourceQuality "1"]

1. e4 d6 2. d4 Nf6 3. Nc3 e5 4. dxe5 dxe5 5. Qxd8+ Kxd8 6. Bc4 Be6 7. Bxe6 fxe6 8. Nf3 Nbd7 9. 0-0 a6 10. Rd1 Bd6 11. Ng5 Ke7 12. Nf3 h6 13. Nh4 Kf7 14. a3 Rad8 15. Nf3 Nc5 16. Re1 Rhf8 17. b4 Ncd7 18. Be3 Kg8 19. Nh4 Kh7 20. h3 Nh5 21. g4 Nf4 22. Kh2 Be7 23. Nf3 Nxh3 24. Kxh3 Rxf3+ 25. Kg2 Rdf8 26. Rh1 g5 27. Na4 b6 28. Rh2 R8f6 29. Bxg5 Rxf2+ 30. Kg3 R6f3+ 31. Kh4 Rxh2# 0-1

[Event "Manizales op 26th"]
[Site "Manizales"]
[Date "2017.01.04"]
[Round "1"]
[White "Aivazyan, Vahram"]
[Black "Molina, Luisa Fernanda"]
[Result "1-0"]
[WhiteElo "2065"]
[BlackElo "1684"]
[PlyCount "77"]
[EventDate "2017.01.04"]
[EventType "swiss"]
[EventRounds "9"]
[EventCountry "COL"]
[SourceTitle "CBM 176 Extra"]
[Source "ChessBase"]
[SourceDate "2017.03.02"]
[SourceVersion "1"]
[SourceVersionDate "2017.03.02"]
[SourceQuality "1"]

1. d4 d6 2. e4 e5 3. dxe5 dxe5 4. Qxd8+ Kxd8 5. Nc3 Be6 6. Be3 Nd7 7. 0-0-0 a6 8. Nf3 f6 9. Nd2 b5 10. Nb3 Bb4 11. Nd5 Bd6 12. Na5 Bxd5 13. Rxd5 Ne7 14. Nb7+ Kc8 15. Nxd6+ cxd6 16. Rxd6 Kc7 17. Rd2 Rhd8 18. Be2 Nb6 19. Rhd1 Rxd2 20. Rxd2 Nd7 21. Bg4 Rd8 22. b3 Nc8 23. h4 Nd6 24. f3 Nb7 25. h5 Ndc5 26. Bf5 h6 27. g4 Rxd2 28. Kxd2 Kd6 29. Bc8 a5 30. a3 Kc6 31. Bxb7+ Nxb7 32. Kd3 Nc5+ 33. Bxc5 Kxc5 34. Kc3 Kc6 35. b4 a4 36. Kd3 Kd6 37. c4 Kc6 38. cxb5+ Kxb5 39. Kc3 1-0

[Event "Manizales-ch"]
[Site "Manizales"]
[Date "2016.09.10"]
[Round "6"]
[White "Molina, Luisa Fernanda"]
[Black "Riascos, Sixto Tulio"]
[Result "0-1"]
[WhiteElo "1684"]
[BlackElo "1610"]
[PlyCount "63"]
[EventDate "2016.09.05"]
[EventType "swiss"]
[EventRounds "9"]
[EventCountry "COL"]
[SourceTitle "CBM 174 Extra"]
[Source "ChessBase"]
[SourceDate "2016.10.10"]
[SourceVersion "1"]
[SourceVersionDate "2016.10.10"]
[SourceQuality "1"]

1. e4 d6 2. d4 g6 3. Nf3 Bg7 4. c3 Bg4 5. h3 Bxf3 6. Qxf3 Nc6 7. Bc4 e6 8. Na3 a6 9. Nc2 Nge7 10. Ne3 Qd7 11. Bb3 Na5 12. Bc2 f5 13. b4 Nac6 14. g4 0-0-0 15. a4 h5 16. b5 hxg4 17. bxc6 Qxc6 18. hxg4 Qxc3+ 19. Ke2 Qxa1 20. Rxh8 Rxh8 21. Bd2 Bxd4 22. exf5 gxf5 23. gxf5 Bxe3 24. fxe3 Rf8 25. e4 d5 26. Bb4 Qb2 27. Qb3 Qxb3 28. Bxb3 Nxf5 29. Bxf8 Nd4+ 30. Kd3 Nxb3 31. exd5 exd5 32. Kc3 0-1

[Event "Manizales-ch"]
[Site "Manizales"]
[Date "2016.09.06"]
[Round "2"]
[White "Ramirez, Jorge Alonso"]
[Black "Molina, Luisa Fernanda"]
[Result "1-0"]
[WhiteElo "1991"]
[BlackElo "1684"]
[PlyCount "61"]
[EventDate "2016.09.05"]
[EventType "swiss"]
[EventRounds "9"]
[EventCountry "COL"]
[SourceTitle "CBM 174 Extra"]
[Source "ChessBase"]
[SourceDate "2016.10.10"]
[SourceVersion "1"]
[SourceVersionDate "2016.10.10"]
[SourceQuality "1"]

1. e4 d6 2. d4 Nf6 3. Nc3 e5 4. Nf3 Nbd7 5. Bc4 Be7 6. Bxf7+ Kxf7 7. Ng5+ Kg8 8. Ne6 Qe8 9. Nxc7 Qg6 10. 0-0 Nxe4 11. Nxe4 Qxe4 12. Re1 Qc6 13. Nxa8 Nf6 14. dxe5 dxe5 15. Bg5 Be6 16. Rxe5 Kf7 17. Qe2 Bd8 18. Re1 Re8 19. Qb5 Qxb5 20. Rxb5 Bc8 21. Rxe8 Kxe8 22. Bxf6 gxf6 23. Rh5 Be6 24. Rxh7 Bf7 25. Rh3 Kd7 26. Ra3 a6 27. b4 Bc4 28. Rh3 Bf7 29. a4 Bd5 30. a5 Kc6 31. Rc3+ 1-0

[Event "Manizales-ch"]
[Site "Manizales"]
[Date "2016.09.05"]
[Round "1"]
[White "Molina, Luisa Fernanda"]
[Black "Serna, Juliana Victoria"]
[Result "1-0"]
[WhiteElo "1684"]
[BlackElo "1428"]
[PlyCount "57"]
[EventDate "2016.09.05"]
[EventType "swiss"]
[EventRounds "9"]
[EventCountry "COL"]
[SourceTitle "CBM 174 Extra"]
[Source "ChessBase"]
[SourceDate "2016.10.10"]
[SourceVersion "1"]
[SourceVersionDate "2016.10.10"]
[SourceQuality "1"]

1. e4 e5 2. Nf3 Nc6 3. Nc3 Nf6 4. Bc4 Bc5 5. 0-0 d6 6. d3 0-0 7. Bg5 h6 8. Be3 Bxe3 9. fxe3 Qe7 10. Qd2 Be6 11. Nd5 Qd8 12. Nh4 Ne8 13. Nf5 g6 14. Ng3 Kg7 15. d4 Ne7 16. Bb3 Nxd5 17. exd5 Bd7 18. dxe5 dxe5 19. Qf2 Nf6 20. e4 Bb5 21. c4 Ba6 22. Rad1 Qe7 23. Qf3 Rad8 24. Rf2 c6 25. Rdf1 Rd6 26. Ne2 c5 27. a4 b6 28. Nc3 Bc8 29. h3 1-0

[Event "Manizales Castro Memorial"]
[Site "Manizales"]
[Date "2015.12.20"]
[Round "7"]
[White "Molina, Luisa Fernanda"]
[Black "Sanchez Riobo, Emily Dainne"]
[Result "1-0"]
[WhiteElo "1467"]
[BlackElo "1612"]
[PlyCount "53"]
[EventDate "2015.12.17"]
[EventType "swiss"]
[EventRounds "7"]
[EventCountry "COL"]
[SourceTitle "CBM 170 Extra"]
[Source "ChessBase"]
[SourceDate "2016.02.25"]
[SourceVersion "1"]
[SourceVersionDate "2016.02.25"]
[SourceQuality "1"]

1. e4 e5 2. Nf3 Nc6 3. Nc3 Bc5 4. d3 Nf6 5. Be2 d6 6. 0-0 0-0 7. Bg5 Bg4 8. Nd5 Nd4 9. Nxd4 c6 10. Nxf6+ gxf6 11. Bh6 Kh8 12. Bxf8 Qxf8 13. Bxg4 exd4 14. Bf5 Qg7 15. Qg4 Rg8 16. Qxg7+ Rxg7 17. f4 Bb4 18. Rf3 Bd2 19. Raf1 Be3+ 20. Kh1 b5 21. Rh3 c5 22. b3 a5 23. Rff3 Kg8 24. Rh6 Kf8 25. Rxf6 Ke7 26. e5 dxe5 27. fxe5 1-0